000 00298nam a22001337a 4500
020 _a0-7214-1525-3
082 _a823
_bCOR/S
100 _aCORBY, JILL
245 _aSAY THE SOUNDS PHONIC READING SCHEME
260 _aUK
_bLADYBIRD
300 _a43
650 _aENGLISH SHORT STORY
_zUK
942 _cBK
999 _c4819
_d4819